000 00367nam a2200145Ia 4500
008 230711s9999||||xx |||||||||||||| ||und||
041 _aENG
082 _a5
_bLA-G
100 _aLadymon,Robert F
245 0 _aGraphic user interface programming with C
250 _a1st
260 _c1993
_aNew Delhi
_bBPB Publications
650 _aComputer Engineering
942 _cBK
999 _c2521
_d2521